[Event "I Lublin GM Tournament 2009"]
[Site "Lubin POL"]
[Date "2009.05.29"]
[Round "1.1"]
[White "Malakhatko, Vadim"]
[Black "Zhigalko, Sergei"]
[Result "1/2-1/2"]
[WhiteElo "2610"]
[BlackElo "2622"]
[PlyCount "93"]
[EventDate "2009.05.29"]
[EventType "tourn"]
[EventRounds "9"]
[EventCountry "POL"]
[EventCategory "15"]
[Source "lmi"]
[SourceDate "2009.05.29"]

1. d4 Nf6 2. c4 e6 3. Nf3 b6 4. g3 Ba6 5. b3 Bb4+ 6. Bd2 Be7 7. Bg2 c6 8. Bc3
d5 9. Ne5 Nfd7 10. Nxd7 Nxd7 11. Nd2 O-O 12. O-O f5 13. a4 Bd6 14. b4 Nf6 15.
b5 Bb7 16. Qb3 Rc8 17. Bb2 Qe7 18. Rac1 Ne4 19. Nxe4 fxe4 20. cxd5 cxd5 21. Qe3
Rxc1 22. Rxc1 Rc8 23. Rxc8+ Bxc8 24. f3 exf3 25. exf3 Bd7 26. Bf1 Qf6 27. Kg2
Qe7 28. Bd3 g6 29. Bb1 Be8 30. Qc3 Bd7 31. Qe3 Be8 32. Qc3 Bd7 33. h4 Qf8 34.
Qe3 Qe7 35. Qg5 Qxg5 36. hxg5 Kf7 37. Kf2 Ke7 38. Bd3 Be8 39. Bc3 Kd7 40. Kg2
Bf7 41. f4 Be8 42. Kf3 Bf7 43. Ke3 Be8 44. Bc2 Bf7 45. g4 Be8 46. Bd2 Bf7 47.
Kf3 1/2-1/2

[Event "I Lublin GM Tournament 2009"]
[Site "Lubin POL"]
[Date "2009.05.29"]
[Round "1.2"]
[White "Roiz, Michael"]
[Black "Gajewski, Grzegorz"]
[Result "1/2-1/2"]
[WhiteElo "2635"]
[BlackElo "2571"]
[PlyCount "62"]
[EventDate "2009.05.29"]
[EventType "tourn"]
[EventRounds "9"]
[EventCountry "POL"]
[EventCategory "15"]
[Source "lmi"]
[SourceDate "2009.05.29"]

1. c4 Nf6 2. Nc3 e5 3. Nf3 Nc6 4. a3 d5 5. cxd5 Nxd5 6. Qc2 Be7 7. e3 O-O 8.
Nxd5 Qxd5 9. Bc4 Qd6 10. b4 Be6 11. Bb2 Bf6 12. Bd3 h6 13. Bh7+ Kh8 14. Be4 a5
15. b5 Ne7 16. O-O c6 17. d4 exd4 18. Nxd4 Bd5 19. bxc6 Bxe4 20. Qxe4 Nxc6 21.
Rfd1 Rad8 22. h3 Rfe8 23. Qf3 Nxd4 24. Bxd4 Bxd4 25. Rxd4 Qc7 26. Rxd8 Rxd8 27.
Rb1 b6 28. g3 Kg8 29. e4 Qc5 30. a4 Rd4 31. Rd1 Qc4 1/2-1/2

[Event "I Lublin GM Tournament 2009"]
[Site "Lubin POL"]
[Date "2009.05.29"]
[Round "1.3"]
[White "Socko, Bartosz"]
[Black "Khenkin, Igor"]
[Result "1-0"]
[WhiteElo "2637"]
[BlackElo "2630"]
[PlyCount "61"]
[EventDate "2009.05.29"]
[EventType "tourn"]
[EventRounds "9"]
[EventCountry "POL"]
[EventCategory "15"]
[Source "lmi"]
[SourceDate "2009.05.29"]

1. Nf3 d5 2. c4 e6 3. b3 Nf6 4. Bb2 b6 5. g3 Bb7 6. Bg2 Nbd7 7. O-O Be7 8. cxd5
exd5 9. Nc3 O-O 10. Rc1 Re8 11. d3 c5 12. d4 Ne4 13. dxc5 Ndxc5 14. Nd4 Bf6 15.
b4 Ne6 16. Ncb5 Qe7 17. Bxe4 dxe4 18. Nf5 Qxb4 19. Bxf6 Qxb5 20. Nd6 Qd7 21.
Nxe8 Qxe8 22. Ba1 Qb5 23. Qd2 Rd8 24. Qe3 Qd5 25. Qb3 Qh5 26. Rfd1 Bd5 27. Qe3
h6 28. Rd2 Qf5 29. Rcd1 Rd7 30. Qc3 Kh7 31. Qe5 1-0

[Event "I Lublin GM Tournament 2009"]
[Site "Lubin POL"]
[Date "2009.05.29"]
[Round "1.4"]
[White "Wojtaszek, Radoslaw"]
[Black "Grachev, Boris"]
[Result "1/2-1/2"]
[WhiteElo "2630"]
[BlackElo "2652"]
[PlyCount "109"]
[EventDate "2009.05.29"]
[EventType "tourn"]
[EventRounds "9"]
[EventCountry "POL"]
[EventCategory "15"]
[Source "lmi"]
[SourceDate "2009.05.29"]

1. d4 d5 2. c4 c6 3. Nf3 Nf6 4. Nc3 e6 5. e3 Nbd7 6. Qc2 Bd6 7. Bd3 dxc4 8.
Bxc4 b5 9. Be2 Bb7 10. O-O O-O 11. Rd1 Qb8 12. e4 e5 13. dxe5 Nxe5 14. Nd4 Ng6
15. g3 Rc8 16. Bg5 b4 17. Bxf6 gxf6 18. Nf5 Bf8 19. Nb1 c5 20. Nd2 Qe5 21. f3
Rd8 22. Nc4 Qc7 23. Nce3 Ne7 24. Nxe7+ Bxe7 25. Bc4 Rxd1+ 26. Rxd1 Rd8 27. Bd5
c4 28. Bxb7 Bc5 29. Rxd8+ Qxd8 30. Bd5 Bxe3+ 31. Kg2 c3 32. bxc3 bxc3 33. Qxc3
Bb6 34. Qc6 Kg7 35. Kh3 Qe7 36. f4 Qc7 37. Qe8 Bc5 38. Bb3 Bf8 39. Kg4 Bb4 40.
Qb5 Qc8+ 41. Kh4 a5 42. Qd5 Qf8 43. Qf5 Bc3 44. Kh5 Qe8 45. Qd5 a4 46. Bc4 a3
47. Bb3 Qe7 48. Qf5 Qe8 49. h4 Bb2 50. g4 h6 51. g5 hxg5 52. fxg5 fxg5 53.
Qxg5+ Kf8 54. Qc5+ Kg7 55. Qg5+ 1/2-1/2

[Event "I Lublin GM Tournament 2009"]
[Site "Lubin POL"]
[Date "2009.05.29"]
[Round "1.5"]
[White "Bartel, Mateusz"]
[Black "Dziuba, Marcin"]
[Result "1/2-1/2"]
[WhiteElo "2601"]
[BlackElo "2535"]
[PlyCount "82"]
[EventDate "2009.05.29"]
[EventType "tourn"]
[EventRounds "9"]
[EventCountry "POL"]
[EventCategory "15"]
[Source "lmi"]
[SourceDate "2009.05.29"]

1. e4 c6 2. d4 d5 3. f3 g6 4. Nc3 Bg7 5. Be3 Qb6 6. Qd2 Qxb2 7. Rb1 Qa3 8. Bd3
Nd7 9. Nge2 e6 10. O-O Ne7 11. Bf4 e5 12. dxe5 Nxe5 13. exd5 O-O 14. Rb3 Qa5
15. Be4 Nc4 16. Qd3 cxd5 17. Nxd5 Nxd5 18. Bxd5 Nb6 19. Rb5 Qa6 20. Bb3 Bd7 21.
Rc5 Qxd3 22. cxd3 Rfe8 23. Kf2 Bc6 24. Rd1 Rad8 25. d4 Nd5 26. Bxd5 Rxd5 27.
Rxd5 Bxd5 28. Nc3 Bc4 29. Rd2 f5 30. a4 Rd8 31. Be3 b6 32. g3 a6 33. Nb1 Bb3
34. Rb2 Bxa4 35. Rxb6 Bb5 36. Na3 f4 37. gxf4 Bd3 38. Rb3 Bf5 39. Rb4 a5 40.
Ra4 Rd5 41. Nc4 Bxd4 1/2-1/2

[Event "I Lublin GM Tournament 2009"]
[Site "Lubin POL"]
[Date "2009.05.30"]
[Round "2.1"]
[White "Zhigalko, Sergei"]
[Black "Dziuba, Marcin"]
[Result "0-1"]
[WhiteElo "2622"]
[BlackElo "2535"]
[PlyCount "86"]
[EventDate "2009.05.29"]
[EventType "tourn"]
[EventRounds "9"]
[EventCountry "POL"]
[EventCategory "15"]
[Source "lmi"]
[SourceDate "2009.05.29"]

1. e4 c5 2. Nf3 d6 3. d4 cxd4 4. Nxd4 Nf6 5. Nc3 a6 6. Be3 e5 7. Nb3 Be7 8. Qd2
O-O 9. O-O-O Be6 10. f4 b5 11. f5 Bd7 12. Rg1 b4 13. Nd5 Nxd5 14. Qxd5 Bc6 15.
Qc4 a5 16. Kb1 a4 17. Nc1 b3 18. g4 bxc2+ 19. Qxc2 Qd7 20. Ne2 Na6 21. a3 Qb7
22. Nc3 Rfc8 23. g5 Rab8 24. Rg2 Be8 25. f6 Bf8 26. fxg7 Kxg7 27. Bc1 Rxc3 28.
Qxc3 Nc5 29. Bd3 Bc6 30. Bc2 Nxe4 31. Qh3 Kg8 32. Rg4 Bg7 33. Qd3 d5 34. Rh4
Bb5 35. Qxd5 Nc3+ 36. bxc3 Bc6+ 37. Rb4 Bxd5 38. Rxb7 Bxb7 39. Ka2 Bf3 40. Rd6
e4 41. Bxa4 Be5 42. Ra6 e3 43. Ra5 Bxc3 0-1

[Event "I Lublin GM Tournament 2009"]
[Site "Lubin POL"]
[Date "2009.05.30"]
[Round "2.2"]
[White "Grachev, Boris"]
[Black "Bartel, Mateusz"]
[Result "1-0"]
[WhiteElo "2652"]
[BlackElo "2601"]
[PlyCount "65"]
[EventDate "2009.05.29"]
[EventType "tourn"]
[EventRounds "9"]
[EventCountry "POL"]
[EventCategory "15"]
[Source "lmi"]
[SourceDate "2009.05.29"]

1. d4 Nf6 2. c4 e6 3. Nf3 b6 4. g3 Bb4+ 5. Nbd2 Bb7 6. Bg2 O-O 7. O-O d5 8.
cxd5 exd5 9. Ne5 Re8 10. Ndf3 Bd6 11. Bf4 c5 12. e3 Ne4 13. h4 f6 14. Nd3 Bf8
15. Bxb8 Rxb8 16. Nf4 c4 17. Nd2 Nxd2 18. Qxd2 b5 19. h5 b4 20. Qc2 Qd6 21.
Rfc1 Rbd8 22. b3 c3 23. a3 bxa3 24. Qxc3 Rc8 25. Qa5 Rxc1+ 26. Rxc1 Rd8 27. Ne6
Rd7 28. Nc5 Rc7 29. Qxa3 Bc6 30. Qa6 Kf7 31. Nd3 Ke8 32. Qa5 Be7 33. Bxd5 1-0

[Event "I Lublin GM Tournament 2009"]
[Site "Lubin POL"]
[Date "2009.05.30"]
[Round "2.3"]
[White "Khenkin, Igor"]
[Black "Wojtaszek, Radoslaw"]
[Result "1/2-1/2"]
[WhiteElo "2630"]
[BlackElo "2630"]
[PlyCount "89"]
[EventDate "2009.05.29"]
[EventType "tourn"]
[EventRounds "9"]
[EventCountry "POL"]
[EventCategory "15"]
[Source "lmi"]
[SourceDate "2009.05.29"]

1. Nf3 Nf6 2. g3 d5 3. Bg2 c6 4. O-O Bf5 5. d3 e6 6. Nc3 Be7 7. Qe1 h6 8. e4
Bh7 9. Ne5 O-O 10. f4 Nbd7 11. Nxd7 Qxd7 12. e5 Ne8 13. g4 f6 14. exf6 Nxf6 15.
Qe2 d4 16. Ne4 Nd5 17. Bd2 Qc7 18. Qf2 Nxf4 19. Bxf4 e5 20. Bxe5 Qxe5 21. Qg3
Qxg3 22. Nxg3 Bg5 23. Be4 g6 24. Kg2 Kg7 25. a4 a5 26. Rab1 Rxf1 27. Nxf1 Ra6
28. h3 b5 29. b3 Bg8 30. Nh2 Rb6 31. Ra1 Bd2 32. Nf3 Bc3 33. Rf1 bxa4 34. bxa4
Bd5 35. Ne5 Rb2 36. Rf2 Ra2 37. Nxc6 Bxe4+ 38. dxe4 Rxa4 39. Nd8 Rc4 40. Ne6+
Kg8 41. Rf8+ Kh7 42. Rf7+ Kg8 43. Rf8+ Kh7 44. Rf7+ Kg8 45. Rf8+ 1/2-1/2

[Event "I Lublin GM Tournament 2009"]
[Site "Lubin POL"]
[Date "2009.05.30"]
[Round "2.4"]
[White "Gajewski, Grzegorz"]
[Black "Socko, Bartosz"]
[Result "1/2-1/2"]
[WhiteElo "2571"]
[BlackElo "2637"]
[PlyCount "61"]
[EventDate "2009.05.29"]
[EventType "tourn"]
[EventRounds "9"]
[EventCountry "POL"]
[EventCategory "15"]
[Source "lmi"]
[SourceDate "2009.05.29"]

1. d4 d5 2. c4 dxc4 3. Nf3 a6 4. e3 b5 5. a4 Bb7 6. b3 e6 7. axb5 axb5 8. Rxa8
Bxa8 9. bxc4 bxc4 10. Bxc4 Nf6 11. O-O Nbd7 12. Nc3 Bd6 13. d5 exd5 14. Nxd5
O-O 15. Bb2 Nxd5 16. Bxd5 Bxd5 17. Qxd5 Qe7 18. Rd1 Rb8 19. Bc3 h6 20. g3 Qe6
21. Qd4 f6 22. Qd3 Nc5 23. Nd4 Nxd3 24. Nxe6 Nc5 25. Nxc5 Bxc5 26. Rd7 Bd6 27.
Kg2 Rf8 28. Kf3 Rf7 29. Rd8+ Rf8 30. Rd7 Rf7 31. Rd8+ 1/2-1/2

[Event "I Lublin GM Tournament 2009"]
[Site "Lubin POL"]
[Date "2009.05.30"]
[Round "2.5"]
[White "Malakhatko, Vadim"]
[Black "Roiz, Michael"]
[Result "1/2-1/2"]
[WhiteElo "2610"]
[BlackElo "2635"]
[PlyCount "66"]
[EventDate "2009.05.29"]
[EventType "tourn"]
[EventRounds "9"]
[EventCountry "POL"]
[EventCategory "15"]
[Source "lmi"]
[SourceDate "2009.05.29"]

1. d4 Nf6 2. Nf3 g6 3. c3 Bg7 4. Bg5 d6 5. Nbd2 h6 6. Bh4 O-O 7. e4 c5 8. dxc5
dxc5 9. Bc4 Nc6 10. O-O Nh5 11. Re1 Qc7 12. Qc2 b6 13. Bf1 Bg4 14. Re3 Rad8 15.
Rae1 Ne5 16. Nxe5 Bxe5 17. Bg3 Bxg3 18. hxg3 e5 19. Be2 Nf6 20. Bxg4 Nxg4 21.
R3e2 Rd7 22. Nf1 c4 23. Rd1 Rfd8 24. Rxd7 Rxd7 25. Rd2 Rxd2 26. Qxd2 Qc5 27.
Qe2 Nf6 28. Ne3 b5 29. Ng4 Nxg4 30. Qxg4 b4 31. cxb4 Qxb4 32. Qc8+ Kg7 33. Qc7
Qxb2 1/2-1/2

[Event "I Lublin GM Tournament 2009"]
[Site "Lubin POL"]
[Date "2009.05.31"]
[Round "3.1"]
[White "Roiz, Michael"]
[Black "Zhigalko, Sergei"]
[Result "1/2-1/2"]
[WhiteElo "2635"]
[BlackElo "2622"]
[PlyCount "105"]
[EventDate "2009.05.29"]
[EventType "tourn"]
[EventRounds "9"]
[EventCountry "POL"]
[EventCategory "15"]
[Source "lmi"]
[SourceDate "2009.05.29"]

1. Nf3 d5 2. d4 c6 3. c4 e6 4. b3 Nf6 5. e3 Bb4+ 6. Nbd2 c5 7. dxc5 O-O 8. Bb2
Bxc5 9. a3 b6 10. Bd3 Bb7 11. O-O Nbd7 12. Qe2 a5 13. cxd5 Nxd5 14. Rfd1 Rc8
15. Bb5 f5 16. Rac1 Qe7 17. Ba6 N7f6 18. Bxb7 Qxb7 19. h3 Rfd8 20. a4 Nb4 21.
Nc4 Nfd5 22. Nd4 Qe7 23. Ba1 Nf6 24. Nc2 Nbd5 25. Ne1 Qb7 26. Nd3 Bf8 27. Bxf6
Nxf6 28. Nf4 Rxd1+ 29. Rxd1 Ne4 30. Qb2 Nc5 31. Na3 Qe4 32. Rd4 Qc6 33. Nc4 Qc7
34. Nd3 Nd7 35. Qd2 Nf6 36. Nf4 Re8 37. Qd1 Bc5 38. Rd3 h6 39. Nh5 Nd5 40. Ng3
f4 41. Nf1 fxe3 42. Nfxe3 Rf8 43. Qd2 Nf6 44. Nd6 Nd5 45. Ndc4 Qe7 46. Nxd5
exd5 47. Ne3 d4 48. Nc4 Qe4 49. Qd1 Rf6 50. Kf1 Re6 51. Kg1 Rf6 52. Kf1 Re6 53.
Kg1 1/2-1/2

[Event "I Lublin GM Tournament 2009"]
[Site "Lubin POL"]
[Date "2009.05.31"]
[Round "3.2"]
[White "Socko, Bartosz"]
[Black "Malakhatko, Vadim"]
[Result "1/2-1/2"]
[WhiteElo "2637"]
[BlackElo "2610"]
[PlyCount "43"]
[EventDate "2009.05.29"]
[EventType "tourn"]
[EventRounds "9"]
[EventCountry "POL"]
[EventCategory "15"]
[Source "lmi"]
[SourceDate "2009.05.29"]

1. e4 c5 2. Nf3 e6 3. d4 cxd4 4. Nxd4 Nf6 5. Nc3 Nc6 6. Ndb5 d6 7. Bf4 e5 8.
Bg5 a6 9. Na3 b5 10. Nd5 Be7 11. Nxe7 Nxe7 12. Bxf6 gxf6 13. c4 f5 14. exf5
Nxf5 15. cxb5 O-O 16. bxa6 Bxa6 17. Bxa6 Qa5+ 18. Qd2 Qxa6 19. Qe2 Qa5+ 20. Qd2
Qa6 21. Qe2 Qa5+ 22. Qd2 1/2-1/2

[Event "I Lublin GM Tournament 2009"]
[Site "Lubin POL"]
[Date "2009.05.31"]
[Round "3.3"]
[White "Wojtaszek, Radoslaw"]
[Black "Gajewski, Grzegorz"]
[Result "1-0"]
[WhiteElo "2630"]
[BlackElo "2571"]
[PlyCount "79"]
[EventDate "2009.05.29"]
[EventType "tourn"]
[EventRounds "9"]
[EventCountry "POL"]
[EventCategory "15"]
[Source "lmi"]
[SourceDate "2009.05.29"]

1. d4 Nf6 2. c4 g6 3. Nc3 d5 4. cxd5 Nxd5 5. g3 Bg7 6. Bg2 Nxc3 7. bxc3 O-O 8.
Nf3 c5 9. O-O Nc6 10. Rb1 Qa5 11. d5 Rd8 12. Nd2 Ne5 13. Qb3 b6 14. c4 Bd7 15.
f4 Ng4 16. Nf3 Bf5 17. Bd2 Qa6 18. Rbe1 Be4 19. Bh3 Nf6 20. a4 Bf5 21. Bxf5
gxf5 22. Bc3 Ne4 23. Bxg7 Kxg7 24. Ng5 Nd6 25. Rc1 Kg8 26. e4 h6 27. e5 Nxc4
28. Nxf7 Na5 29. Nxh6+ Kh7 30. Qc2 Kxh6 31. Qxf5 Rg8 32. Qh3+ Kg7 33. f5 Qd3
34. f6+ exf6 35. exf6+ Kg6 36. Qg4+ Kh6 37. Qh4+ Kg6 38. f7 Rh8 39. Qf6+ Kh7
40. Rf4 1-0

[Event "I Lublin GM Tournament 2009"]
[Site "Lubin POL"]
[Date "2009.05.31"]
[Round "3.4"]
[White "Bartel, Mateusz"]
[Black "Khenkin, Igor"]
[Result "1-0"]
[WhiteElo "2601"]
[BlackElo "2630"]
[PlyCount "69"]
[EventDate "2009.05.29"]
[EventType "tourn"]
[EventRounds "9"]
[EventCountry "POL"]
[EventCategory "15"]
[Source "lmi"]
[SourceDate "2009.05.29"]

1. e4 e5 2. Nf3 Nc6 3. Bb5 Nf6 4. Qe2 a6 5. Ba4 d6 6. c3 Bg4 7. h3 Bh5 8. g4
Bg6 9. d3 Nd7 10. Be3 Be7 11. Nbd2 b5 12. Bb3 Na5 13. Bc2 c5 14. Nf1 h5 15. Rg1
h4 16. Bd2 c4 17. d4 Nc6 18. Ne3 exd4 19. Nxd4 Nxd4 20. cxd4 Bf6 21. Nf5 Bxf5
22. exf5+ Kf8 23. Be3 Qa5+ 24. Kf1 Re8 25. Qf3 Qb4 26. Rb1 c3 27. Qc6 Bxd4 28.
Bxd4 Qxd4 29. Qxd7 Qd2 30. Kg2 Re2 31. Qc8+ Ke7 32. Qc7+ Kf6 33. g5+ Ke5 34.
Rge1 Qxg5+ 35. Kf1 1-0

[Event "I Lublin GM Tournament 2009"]
[Site "Lubin POL"]
[Date "2009.05.31"]
[Round "3.5"]
[White "Dziuba, Marcin"]
[Black "Grachev, Boris"]
[Result "0-1"]
[WhiteElo "2535"]
[BlackElo "2652"]
[PlyCount "150"]
[EventDate "2009.05.29"]
[EventType "tourn"]
[EventRounds "9"]
[EventCountry "POL"]
[EventCategory "15"]
[Source "lmi"]
[SourceDate "2009.05.29"]

1. d4 d5 2. c4 c6 3. cxd5 cxd5 4. Nc3 Nf6 5. Bf4 Nc6 6. Nf3 a6 7. Rc1 e6 8. e3
Be7 9. h3 O-O 10. Bd3 Bd7 11. O-O Qa5 12. Nd2 Rfc8 13. Nb3 Qb6 14. Na4 Qa7 15.
Nac5 Be8 16. a3 a5 17. Nd2 a4 18. Bb5 Qb6 19. Bxa4 Qxb2 20. Rb1 Qxa3 21. Ra1
Qc3 22. Nxb7 Qb4 23. Nc5 Nxd4 24. exd4 Bxc5 25. Bxe8 Nxe8 26. Rxa8 Rxa8 27.
dxc5 Qxf4 28. Qc2 Rc8 29. Rc1 h6 30. Qb2 Rb8 31. Qa2 Nc7 32. c6 Qd6 33. Nf3 e5
34. Qe2 Re8 35. Nd2 Qb4 36. Qd3 g6 37. Qc2 Ne6 38. Nf3 Qd6 39. Qa4 Rc8 40. Qa6
Rc7 41. Qa5 e4 42. Nh2 h5 43. Nf1 Kg7 44. Qa4 d4 45. Rc4 h4 46. Nd2 f5 47. Nb3
d3 48. Qa1+ Kf7 49. Qc3 Qd5 50. Nd2 Qd6 51. Nb3 Rc8 52. Nd2 Nf4 53. Kh1 Nd5 54.
Qd4 Rxc6 55. Rxc6 Qxc6 56. Nc4 Qe6 57. f3 Kg8 58. Ne5 Ne7 59. fxe4 fxe4 60. Ng4
Nf5 61. Qd8+ Kf7 62. Qc7+ Qe7 63. Qc4+ Qe6 64. Qc7+ Kg8 65. Qd8+ Kh7 66. Qc7+
Ne7 67. Qf4 Nd5 68. Qg5 e3 69. Qxh4+ Kg7 70. Qe1 e2 71. Qa1+ Nf6 72. Qa7+ Qd7
73. Qe3 d2 74. Qh6+ Kf7 75. Ne5+ Ke6 0-1

[Event "I Lublin GM Tournament 2009"]
[Site "Lubin POL"]
[Date "2009.06.01"]
[Round "4.1"]
[White "Zhigalko, Sergei"]
[Black "Grachev, Boris"]
[Result "1/2-1/2"]
[WhiteElo "2622"]
[BlackElo "2652"]
[PlyCount "66"]
[EventDate "2009.05.29"]
[EventType "tourn"]
[EventRounds "9"]
[EventCountry "POL"]
[EventCategory "15"]
[Source "lmi"]
[SourceDate "2009.05.29"]

1. e4 c5 2. c3 Nf6 3. e5 Nd5 4. Nf3 Nc6 5. d4 cxd4 6. cxd4 d6 7. Bc4 Nb6 8. Bb5
dxe5 9. Nxe5 Bd7 10. Nxd7 Qxd7 11. Nc3 e6 12. O-O Be7 13. Qg4 O-O 14. Bxc6 bxc6
15. Bh6 Bf6 16. Rfd1 Kh8 17. Ne4 Qe7 18. Bf4 Rfd8 19. Nxf6 Qxf6 20. Be5 Qg6 21.
Qf3 Rac8 22. Rac1 f6 23. Bg3 Qe8 24. Qe4 Qd7 25. Re1 Re8 26. Rc5 Kg8 27. h4 Nd5
28. Qe2 Kf7 29. Qh5+ Kg8 30. Qe2 Kf7 31. Qc4 Red8 32. b4 g6 33. f3 Nb6 1/2-1/2

[Event "I Lublin GM Tournament 2009"]
[Site "Lubin POL"]
[Date "2009.06.01"]
[Round "4.2"]
[White "Khenkin, Igor"]
[Black "Dziuba, Marcin"]
[Result "1-0"]
[WhiteElo "2630"]
[BlackElo "2535"]
[PlyCount "93"]
[EventDate "2009.05.29"]
[EventType "tourn"]
[EventRounds "9"]
[EventCountry "POL"]
[EventCategory "15"]
[Source "lmi"]
[SourceDate "2009.05.29"]

1. d4 Nf6 2. c4 g6 3. Nc3 Bg7 4. e4 d6 5. f3 O-O 6. Nge2 a6 7. Be3 Nbd7 8. Qd2
c5 9. dxc5 dxc5 10. Rd1 Qc7 11. Nf4 e6 12. Nd3 b6 13. Bf4 Qc6 14. Nf2 Bb7 15.
Be2 Rad8 16. O-O Nh5 17. Bh6 Bxh6 18. Qxh6 Qc7 19. Nh3 f6 20. f4 Ng7 21. g4 Rf7
22. e5 Nf8 23. exf6 Rxf6 24. Qh4 Rxd1 25. Bxd1 Rf7 26. Bf3 Rd7 27. Bxb7 Qxb7
28. Ng5 Rd4 29. b3 b5 30. cxb5 axb5 31. Qe1 b4 32. Nce4 Nd7 33. Qh4 h5 34. gxh5
Rxe4 35. h6 Nf6 36. Nxe4 Qxe4 37. hxg7 Kxg7 38. Qf2 Qf5 39. Re1 Nd5 40. Rf1 Nc3
41. Qe3 Ne4 42. Re1 Qg4+ 43. Kh1 Nf6 44. Qxe6 Qxf4 45. Qe7+ Kg8 46. Qe3 Qf5 47.
Qe6+ 1-0

[Event "I Lublin GM Tournament 2009"]
[Site "Lubin POL"]
[Date "2009.06.01"]
[Round "4.3"]
[White "Gajewski, Grzegorz"]
[Black "Bartel, Mateusz"]
[Result "1/2-1/2"]
[WhiteElo "2571"]
[BlackElo "2601"]
[PlyCount "98"]
[EventDate "2009.05.29"]
[EventType "tourn"]
[EventRounds "9"]
[EventCountry "POL"]
[EventCategory "15"]
[Source "lmi"]
[SourceDate "2009.05.29"]

1. d4 d5 2. Nf3 Nf6 3. c4 e6 4. Nc3 Bb4 5. cxd5 exd5 6. Bg5 O-O 7. e3 Be6 8.
Bd3 c5 9. O-O Nbd7 10. Ne5 Bxc3 11. bxc3 h6 12. Nxd7 Bxd7 13. Bh4 c4 14. Bc2
Re8 15. Re1 g5 16. Bg3 Ne4 17. Bxe4 dxe4 18. d5 Qf6 19. Qd4 Qxd4 20. exd4 f6
21. a4 Rad8 22. Reb1 Bc8 23. d6 e3 24. f3 h5 25. h4 gxh4 26. Bf4 h3 27. gxh3
Bxh3 28. Rxb7 Rd7 29. Rc7 Rg7+ 30. Kh2 Bd7 31. Bh6 Rh7 32. Rg1+ Kh8 33. Rxa7 e2
34. Bd2 Bc6 35. Rc7 Bxf3 36. Rxc4 Rd7 37. Kg3 Rg8+ 38. Kf2 Rxg1 39. Kxg1 Rxd6
40. Kf2 Bg4 41. a5 Rd5 42. a6 Rf5+ 43. Kg3 Rf3+ 44. Kh2 h4 45. d5 Rf2+ 46. Kg1
Rf1+ 47. Kh2 Rf2+ 48. Kg1 Rf1+ 49. Kh2 Rf2+ 1/2-1/2

[Event "I Lublin GM Tournament 2009"]
[Site "Lubin POL"]
[Date "2009.06.01"]
[Round "4.5"]
[White "Roiz, Michael"]
[Black "Socko, Bartosz"]
[Result "1-0"]
[WhiteElo "2635"]
[BlackElo "2637"]
[PlyCount "97"]
[EventDate "2009.05.29"]
[EventType "tourn"]
[EventRounds "9"]
[EventCountry "POL"]
[EventCategory "15"]
[Source "lmi"]
[SourceDate "2009.05.29"]

1. d4 Nf6 2. c4 e6 3. Nf3 d5 4. g3 dxc4 5. Bg2 Bb4+ 6. Bd2 a5 7. O-O Bxd2 8.
Qxd2 O-O 9. Na3 b6 10. Ne5 Nd5 11. Naxc4 Bb7 12. Rac1 f6 13. Nd3 Nc6 14. e3 Qd7
15. Rfd1 Rad8 16. a3 Rfe8 17. Qc2 Qf7 18. Nd2 Qd7 19. Qc4 Kh8 20. Ne4 Na7 21.
Rd2 Nc8 22. Qb3 Ba6 23. Bf1 Qe7 24. Ne5 fxe5 25. Bxa6 exd4 26. Rxd4 Nd6 27.
Nxd6 Rxd6 28. Rcd1 Red8 29. Bc4 h6 30. Bxd5 c5 31. R4d3 a4 32. Qc4 exd5 33.
Rxd5 Rxd5 34. Rxd5 Rxd5 35. Qxd5 Qf6 36. Qd2 b5 37. e4 Qe5 38. f3 Kh7 39. Kf2
Qh5 40. Ke3 b4 41. f4 b3 42. e5 Qh3 43. Kd3 Qf5+ 44. Kc3 g6 45. Qd3 Qh3 46. f5
gxf5 47. e6 Qg4 48. Qd7+ Kg8 49. e7 1-0

[Event "I Lublin GM Tournament 2009"]
[Site "Lubin POL"]
[Date "2009.06.02"]
[Round "5.1"]
[White "Socko, Bartosz"]
[Black "Zhigalko, Sergei"]
[Result "1/2-1/2"]
[WhiteElo "2637"]
[BlackElo "2622"]
[PlyCount "120"]
[EventDate "2009.05.29"]
[EventType "tourn"]
[EventRounds "9"]
[EventCountry "POL"]
[EventCategory "15"]
[Source "lmi"]
[SourceDate "2009.05.29"]

1. e4 c5 2. Nf3 Nc6 3. d4 cxd4 4. Nxd4 Nf6 5. Nc3 e5 6. Ndb5 d6 7. Bg5 a6 8.
Na3 b5 9. Bxf6 gxf6 10. Nd5 f5 11. c3 Bg7 12. Bd3 Be6 13. Nxb5 axb5 14. Bxb5
Bd7 15. exf5 O-O 16. O-O Kh8 17. Re1 f6 18. a4 Rb8 19. b4 Ne7 20. Bxd7 Qxd7 21.
Nxe7 Qxe7 22. a5 Rfc8 23. Ra3 Qd7 24. a6 d5 25. Qd3 Bf8 26. h3 d4 27. Rd1 Qa7
28. cxd4 Rxb4 29. dxe5 Rb2 30. Qe3 Bc5 31. Rc1 Bxe3 32. Rxc8+ Kg7 33. exf6+
Kxf6 34. Rxe3 Qd4 35. Rc6+ Kg5 36. Rc1 Qd2 37. Rg3+ Kh5 38. Rf1 Ra2 39. f6 Rxa6
40. Rf3 Ra8 41. f7 Rf8 42. Ra1 Kg6 43. Ra6+ Kg7 44. Raf6 Qe1+ 45. Kh2 Qe5+ 46.
R6f4 Rxf7 47. Rg3+ Kf8 48. Rxf7+ Kxf7 49. Kg1 h5 50. Rf3+ Kg6 51. h4 Qe4 52.
Rg3+ Kh6 53. Re3 Qxh4 54. f4 Qxf4 55. Rf3 Qd4+ 56. Kh2 Qe5+ 57. Kg1 Kg5 58. Rh3
Kg4 59. Rf3 h4 60. Rh3 Qc5+ 1/2-1/2

[Event "I Lublin GM Tournament 2009"]
[Site "Lubin POL"]
[Date "2009.06.02"]
[Round "5.2"]
[White "Wojtaszek, Radoslaw"]
[Black "Roiz, Michael"]
[Result "1/2-1/2"]
[WhiteElo "2630"]
[BlackElo "2635"]
[PlyCount "60"]
[EventDate "2009.05.29"]
[EventType "tourn"]
[EventRounds "9"]
[EventCountry "POL"]
[EventCategory "15"]
[Source "lmi"]
[SourceDate "2009.05.29"]

1. d4 e6 2. c4 Nf6 3. Nc3 Bb4 4. Qc2 d6 5. a3 Bxc3+ 6. Qxc3 Nbd7 7. Nf3 b6 8.
g3 Bb7 9. Bg2 O-O 10. O-O a5 11. b3 Be4 12. Bh3 Qe7 13. Nd2 Bb7 14. Bb2 c5 15.
Rfe1 d5 16. Bg2 Rfd8 17. Rac1 cxd4 18. Qxd4 e5 19. Qh4 Nc5 20. cxd5 Bxd5 21.
Bxd5 Nxd5 22. Qxe7 Nxe7 23. Nc4 Nxb3 24. Rc3 b5 25. Nxe5 a4 26. Rc7 Kf8 27. Rb7
f6 28. Nd3 Rab8 29. Rxb8 Rxb8 30. e4 Nd2 1/2-1/2

[Event "I Lublin GM Tournament 2009"]
[Site "Lubin POL"]
[Date "2009.06.02"]
[Round "5.3"]
[White "Bartel, Mateusz"]
[Black "Malakhatko, Vadim"]
[Result "1-0"]
[WhiteElo "2601"]
[BlackElo "2618"]
[PlyCount "73"]
[EventDate "2009.05.29"]
[EventType "tourn"]
[EventRounds "9"]
[EventCountry "POL"]
[EventCategory "15"]
[Source "lmi"]
[SourceDate "2009.05.29"]

1. e4 e5 2. Nf3 Nc6 3. Bb5 a6 4. Ba4 d6 5. Bxc6+ bxc6 6. d4 f6 7. c4 g6 8. Nc3
Bg7 9. Qa4 Bd7 10. c5 Nh6 11. dxe5 dxe5 12. h3 Nf7 13. Be3 O-O 14. O-O-O Qe7
15. Nd2 a5 16. Nb3 Rfb8 17. Nxa5 Nd8 18. b4 Be8 19. a3 Ne6 20. Rhe1 f5 21. f3
Qf7 22. Ne2 fxe4 23. fxe4 Rb5 24. Qc2 Rbxa5 25. bxa5 Rxa5 26. Rf1 Qe7 27. Qb3
h6 28. Nc3 Kh7 29. Qb4 Ra8 30. Ne2 Bf7 31. Rd3 Qe8 32. Qd2 Nf4 33. Nxf4 exf4
34. Rxf4 g5 35. Rf5 Bg6 36. Rd7 Kh8 37. Qd4 1-0